Statistics for Countries most famous cities

Click here to take the quiz!

General Stats

  • This quiz has been taken 78 times
  • The average score is 13 of 15

Answer Stats

HintAnswer% Correct
United kingdomLondon / Manchester / Liverpool / Glasgow / Cardiff
99%
United states of americaNew York / Washington / Miami / Los Angeles / San Francisco / Chicago
99%
ItalyRome / Milan / Napoli / Venice / Turin / Palermo / Bari / Leghorn
99%
AustraliaSydney / Canberra / Perth / Brisbane / Darwin / Melbourne
99%
JapanTokyo / Sapporo / Osaka / Hiroshima / Hakodate / Kanazawa
99%
EgyptCairo / Alexandria / Siwa / Asyut / Aswan / Suez / Matruh
97%
MexicoMexico City / Mexicali / Tijuana / Puebla / Tampico
97%
BrazilRio de Janeiro / Sao paulo / Brasilia / Salvador / Manaus / Recife / Fortaleza
97%
South africaCape town / Port Elizabeth / East London / Pretoria / Johannesburg / Durban
93%
PolandWarsaw / Poznan / Krakow / Wroclaw / Gdynia / Lodz
92%
SwedenStockholm / Malmö / Gothenburg / Lulea / Kiiruna / Kalmar
89%
FinlandHelsinki / Turku / Tampere / Oulu / Savonlinna / Kemi / Rovaniemi / Mikkeli / Vaasa
88%
IndonesiaJakarta / Bandung / Semarang / Medan / Pontianak
84%
IcelandReykjavik / Keflavik / Akureyri / Neskaupstaour
84%
MadagascarAntananrivo / Tolanaro / Mandriitsara / Morombe / Morondava
8%

Score Distribution

Percentile by Number Answered

Percent of People with Each Score

Your Score History

You have not taken this quiz